Organisational Effectiveness (Record no. 18445)

MARC details
000 -LEADER
fixed length control field 00387nam a2200133Ia 4500
008 - FIXED-LENGTH DATA ELEMENTS--GENERAL INFORMATION
fixed length control field 221030s9999 xx 000 0 und d
041 ## - LANGUAGE CODE
Language code of text/sound track or separate title
100 ## - MAIN ENTRY--AUTHOR NAME
Personal name CDM - Colege of Defence Management
245 #0 - TITLE STATEMENT
Title Organisational Effectiveness
Statement of responsibility, etc by CDM - Colege of Defence Management
260 ## - PUBLICATION, DISTRIBUTION, ETC. (IMPRINT)
Name of publisher Defence Management
Place of publication Secunderabad
Year of publication 1995
300 ## - PHYSICAL DESCRIPTION
Number of Pages 42
650 ## - SUBJECT ADDED ENTRY--TOPICAL TERM
Topical Term Management
942 ## - ADDED ENTRY ELEMENTS (KOHA)
Koha item type Books
Holdings
Accession Number Source of acquisition Price effective from Koha item type Withdrawn / writtenoff status Materials specified (bound volume or other part) Damaged status Not for loan Permanent Location Current Location Shelving location Date acquired Lost/ Missing status department
MBA 4875 Donated By Major General S. K. Sharma 10/30/2022 Books   Print     MIET Library, Jammu MIET Library, Jammu 140/2 01/23/2020   MBA